Cálculo y normativa básica de las instalaciones en los edificios / (Record no. 25853)

MARC details
000 -LEADER
campo de control de longitud fija 00692nam a2200193 i 4500
001 - NÚMERO DE CONTROL
campo de control 25853
003 - IDENTIFICADOR DE NÚMERO DE CONTROL
campo de control ES-MaACL
007 - CAMPO FIJO DE DESCRIPCIÓN FÍSICA--INFORMACIÓN GENERAL
campo de control de longitud fija t|
008 - DATOS DE LONGITUD FIJA--INFORMACIÓN GENERAL
campo de control de longitud fija 030103s1985 sp ||||1| spa d
020 ## - NÚMERO INTERNACIONAL ESTÁNDAR DEL LIBRO
Número Internacional Estándar del Libro 84-313-0894-X
100 1# - ENTRADA PRINCIPAL--NOMBRE DE PERSONA
Nombre de persona Arizmendi, Luis Jesús.
9 (RLIN) 22880
245 10 - MENCIÓN DEL TÍTULO
Título Cálculo y normativa básica de las instalaciones en los edificios /
Mención de responsabilidad, etc. Luis Jesús Arizmendi.
260 ## - PUBLICACIÓN, DISTRIBUCIÓN, ETC.
Lugar de publicación, distribución, etc. Pamplona :
Nombre del editor, distribuidor, etc. EUNSA ;
Lugar de publicación, distribución, etc. San Sebastián :
Nombre del editor, distribuidor, etc. Colegio Oficial de Arquitectos Vasco-Navarro, Delegación en Guipúzcoa,
Fecha de publicación, distribución, etc. 1985.
300 ## - DESCRIPCIÓN FÍSICA
Extensión 464 p. :
Otras características físicas il. ;
Dimensiones 27 cm.
490 1# - MENCIÓN DE SERIE
Mención de serie Colección Arquitectura
830 0# - PUNTO DE ACCESO ADICIONAL DE SERIE-TÍTULO UNIFORME
Título uniforme Colección Arquitectura
9 (RLIN) 229147
852 ## - LOCALIZACIÓN
Ubicación ES-MaACL
Número de control de estantería L-9449
Sublocalización o colección R.111424
Holdings
Estatus retirado Estado de pérdida Estado de daño No para préstamo Biblioteca de origen Biblioteca actual Ubicación en estantería Fecha de adquisición Fuente de adquisición Total de préstamos Signatura topográfica completa Código de barras Visto por última vez Precio de reemplazo Tipo de ítem Koha
        Biblioteca del Ateneo de Madrid Biblioteca del Ateneo de Madrid Depósito 2 17/01/2008     L-9449 1026670 23/02/2023 23/02/2023 Libro impreso